Les licences les plus demandées de Parcoursup - Statistiques

Statistiques générales
  • Ce quiz a été pris 50 fois
  • Le résultat moyen est 4 sur 10
Statistiques - réponses
Hint Réponse % Correct
1 Droit
90%
2 Psychologie
65%
3 Economie et gestion
63%
4 Mathématiques
50%
5 STAPS
46%
9 Histoire
44%
6 Science de la vie
33%
8 LEA
27%
7 LLCER
27%
10 Las science de la vie
2%
Aucun quiz correspondant
Distribution des résultats
% des personnes avec chaque résultat
Percentile par nombre de réponses
Votre historique - résultats
Vous n’avez pas pris ce quiz